00622cam a22001812 4500001001100000005001700011008004100028020002600069040001500095050002300110245013500133250001800268260004400286300002700330362001300357650003800370700003200408000000390720151217145744.0070516s xx 000 0 eng d a8121917875 :cKES 675 aKABUcKABU 0aQD151.2b.A38 200310aAdvanced inorganic chemistry :b[for B. Sc. (Pass & Hons.) 3rd year students of Indian Universities] /cSatya Prakask ... [et al.] a18th rev. ed. aNew Delhi :bS. Chand & Company,c2003. axiii, 626 p. ;c25 cm.0 aVol. II. 0aChemistry, Inorganic.@00001541481 aPrakash, Satya.@0000154149